|
|
|
|
| LEADER |
00000cam a2200000 7i4500 |
| 001 |
0000123200 |
| 005 |
20170721.0 |
| 008 |
170721s2017 my a j 000 1 bm |
| 020 |
|
|
|a 9789672058137(set)
|
| 020 |
|
|
|a 9789672058205
|
| 040 |
|
|
|a PERPUSTAM
|b eng
|c PERPUSTAM
|e rda
|
| 090 |
0 |
0 |
|a J 500
|b ZAI
|
| 100 |
1 |
|
|a Zainurin Lokman ,
|e author ,
|e illustrator
|
| 245 |
1 |
0 |
|a VIRUS PENAKLUK
|c Cerita dan Ilustrasi ZAINURIN LOKMAN
|
| 264 |
|
1 |
|a Petaling Jaya, Selangor :
|b Impiana Publications & Distributors Sdn. Bhd.
|c 2017
|
| 300 |
|
|
|a 24 pages :
|b colour illustrations ;
|c 26 cm.
|
| 336 |
|
|
|a text, rdacontent
|
| 337 |
|
|
|a unmediated
|2 rdamedia
|
| 338 |
|
|
|a volume
|2 rdacarrier
|
| 490 |
1 |
|
|a Siri Penerokaan Sains Kanak-kanak
|
| 650 |
1 |
0 |
|a Science
|v Juvenile literature
|
| 830 |
|
0 |
|a Siri penerokaan sains kanak-kanak
|
| 999 |
|
|
|a 0000466799
|b Buku
|c Koleksi Pinjaman Kanak-Kanak
|e Perbadanan Perpustakaan Awam Melaka
|
| 999 |
|
|
|a 0000466800
|b Buku
|c Koleksi Pinjaman Kanak-Kanak
|e Perpustakaan Cawangan Jasin
|
| 999 |
|
|
|a 0000466801
|b Buku
|c Koleksi Pinjaman Kanak-Kanak
|e Perpustakaan Cawangan Masjid Tanah
|
| 999 |
|
|
|a 0000466802
|b Buku
|c Koleksi Pinjaman Kanak-Kanak
|e Perpustakaan Cawangan Merlimau
|
| 999 |
|
|
|a 0000466803
|b Buku
|c Koleksi Pinjaman Kanak-Kanak
|e Perbadanan Perpustakaan Awam Melaka
|
| 999 |
|
|
|a 0000466804
|b Buku
|c Koleksi Pinjaman Kanak-Kanak
|e Perbadanan Perpustakaan Awam Melaka
|
| 999 |
|
|
|a 0000466805
|b Buku
|c Koleksi Pinjaman Kanak-Kanak
|e Pusat Sumber Kemas Alai
|
| 999 |
|
|
|a 0000466806
|b Buku
|c Koleksi Pinjaman Kanak-Kanak
|e Perbadanan Perpustakaan Awam Melaka
|
| 999 |
|
|
|a 0000466807
|b Buku
|c Koleksi Pinjaman Kanak-Kanak
|e Perbadanan Perpustakaan Awam Melaka
|
| 999 |
|
|
|a 0000466808
|b Buku
|c Koleksi Pinjaman Kanak-Kanak
|e Perbadanan Perpustakaan Awam Melaka
|